000 00297nam a22001337a 4500
008 210304b ||||| |||| 00| 0 eng d
020 _a9780205571048
041 _aeng
080 _211th
_a37
100 _a46
101 _aEDU
245 _aExceptional Learners
_cHallahab,P.D
942 _2udc
_cBK
999 _c55746
_d55746